Obstinate Star : A History of the Puerto Rico Independence Movement /

Obstinate Star is a history of Puerto Rico's independence struggle against Spanish and U.S. colonialism. From the time of the Napoleonic Wars, it traces the movement's currents, within and beyond the island, linking them to ongoing social conflicts and international trends and conjunctures...

وصف كامل

محفوظ في:

المؤلف الرئيسي: Bernabe, Rafael (مؤلف)

التنسيق: كتاب الكتروني

اللغة: English

منشور في: Leiden ; Boston : Brill, 2025.

سلاسل: Historical Materialism Book Series ; 327.
Social Sciences E-Books Online, Collection 2025.

الموضوعات:

الوصول للمادة أونلاين: Login to view Source

الوسوم: إضافة وسم

لا توجد وسوم, كن أول من يضع وسما على هذه التسجيلة!

رقم الطلب: F1418

LEADER 02434nam a22005058i 4500
001 BRILL9789004707931
003 nllekb
005 20241030072540.0
006 m d
007 cr un uuuua
008 240823s2025 gw sb 001 0 eng d
020 |a 9789004707931  |q (electronic book) 
020 |z 9789004707702  |q (print) 
024 7 |a 10.1163/9789004707931  |2 DOI 
035 |z (OCoLC)1436906960 
040 |a NL-LeKB  |c NL-LeKB  |e rda 
041 |a eng 
050 4 |a F1418 
072 7 |a JPA  |2 bicssc 
072 7 |a POL  |x 010000  |2 bisacsh 
082 0 4 |a 327.73/08  |2 23 
100 1 |a Bernabe, Rafael,  |e author. 
245 1 0 |a Obstinate Star :  |b A History of the Puerto Rico Independence Movement /  |c Rafael Bernabe. 
246 3 |a A History of the Puerto Rico Independence Movement 
264 1 |a Leiden ;  |a Boston :  |b Brill,  |c 2025. 
264 4 |c ©2025 
300 |a 1 online resource (592 pages) :  |b illustrations. 
336 |a text  |b txt  |2 rdacontent 
337 |a computer  |b c  |2 rdamedia 
338 |a online resource  |2 rdacarrier 
490 1 |a Historical Materialism Book Series ;  |v 327 
490 1 |a Social Sciences E-Books Online, Collection 2025 
504 |a Includes bibliographical references and index. 
520 |a Obstinate Star is a history of Puerto Rico's independence struggle against Spanish and U.S. colonialism. From the time of the Napoleonic Wars, it traces the movement's currents, within and beyond the island, linking them to ongoing social conflicts and international trends and conjunctures. Beginning with the radical democratic fight against Spanish control, it moves on to the early reactions to U.S. rule, the role of Nationalism, Communism and New Deal currents during the Great Depression and the Second World War, the rise of new forces in the wake of the Cuban revolution and recent struggles in the epoch of capitalist globalisation. 
546 |a English 
588 |a Description based on print version record. 
650 0 |a American Studies. 
650 0 |a History. 
650 0 |a Latin America. 
776 0 8 |i Print version:  |t Obstinate Star : A History of the Puerto Rico Independence Movement.  |d Leiden ; Boston : Brill, 2025.  |z 9789004707702 
830 0 |a Historical Materialism Book Series ;  |v 327. 
830 0 |a Social Sciences E-Books Online, Collection 2025. 
856 4 |z DOI:   |u http://dx.doi.org/10.1163/9789004707931 
942 |2 lcc  |c EBOOK 
999 |c 59492  |d 59492